[Event "Manaus op 2nd"]
[Site "Manaus"]
[Date "2023.10.15"]
[Round "7"]
[White "De Souza, Samuel Gomes Pereir"]
[Black "Gordiano, Gerson Fujimoto"]
[Result "0-1"]
[WhiteElo "1580"]
[BlackElo "1800"]
[PlyCount "44"]
[EventDate "2023.10.11"]
[EventType "swiss"]
[EventRounds "9"]
[EventCountry "BRA"]
[SourceTitle "Mega2024 Update 01"]
[Source "Chessbase"]
[SourceDate "2023.11.12"]
[SourceVersion "1"]
[SourceVersionDate "2023.11.12"]
[SourceQuality "1"]

1. e4 c6 2. d4 d5 3. Nc3 dxe4 4. Nxe4 Nf6 5. Nxf6+ exf6 6. Nf3 Be7 7. Be2 0-0 8. 0-0 c5 9. dxc5 Bxc5 10. Qxd8 Rxd8 11. Bf4 Nc6 12. c3 Be6 13. a3 a6 14. Rad1 Bb3 15. Rd2 Ne5 16. Bd1 Bc4 17. Re1 Rxd2 18. Nxd2 Nd3 19. Nxc4 Bxf2+ 20. Kf1 Bxe1 21. Be2 Nxf4 22. Kxe1 Re8 0-1

[Event "Manaus op 2nd"]
[Site "Manaus"]
[Date "2023.10.14"]
[Round "5"]
[White "Da Silva, Paulo Cesar Ferreir"]
[Black "Gordiano, Gerson Fujimoto"]
[Result "1-0"]
[WhiteElo "1495"]
[BlackElo "1800"]
[PlyCount "73"]
[EventDate "2023.10.11"]
[EventType "swiss"]
[EventRounds "9"]
[EventCountry "BRA"]
[SourceTitle "Mega2024 Update 01"]
[Source "Chessbase"]
[SourceDate "2023.11.12"]
[SourceVersion "1"]
[SourceVersionDate "2023.11.12"]
[SourceQuality "1"]

1. c4 c6 2. Nc3 d5 3. cxd5 cxd5 4. d4 Nf6 5. Nf3 Bg4 6. e3 e6 7. a3 Nc6 8. h3 Bh5 9. Be2 Be7 10. 0-0 0-0 11. b4 a6 12. Bb2 b5 13. Rc1 Qb6 14. Nd2 Bxe2 15. Qxe2 a5 16. bxa5 Rxa5 17. Nb3 Bxa3 18. Nxa5 Bxb2 19. Nxc6 Bxc1 20. Ne7+ Kh8 21. Rxc1 Re8 22. Ng6+ hxg6 23. Qxb5 Qc7 24. Ne2 Qb8 25. Qc6 Qa8 26. Qc7 Kg8 27. Nf4 Qb8 28. Nd3 Qxc7 29. Rxc7 Ra8 30. g4 Ra1+ 31. Kg2 Ne4 32. Ne5 Nd6 33. Rd7 Ra6 34. Rd8+ Kh7 35. g5 Ne4 36. Nxf7 Nxg5 37. Rh8# 1-0

[Event "Manaus op 2nd"]
[Site "Manaus"]
[Date "2023.10.12"]
[Round "2"]
[White "Gordiano, Gerson Fujimoto"]
[Black "Ordozgoite, Gabriel Bento"]
[Result "0-1"]
[WhiteElo "1800"]
[BlackElo "1668"]
[PlyCount "50"]
[EventDate "2023.10.11"]
[EventType "swiss"]
[EventRounds "9"]
[EventCountry "BRA"]
[SourceTitle "Mega2024 Update 01"]
[Source "Chessbase"]
[SourceDate "2023.11.12"]
[SourceVersion "1"]
[SourceVersionDate "2023.11.12"]
[SourceQuality "1"]

1. e4 c5 2. Nf3 d6 3. d4 cxd4 4. Nxd4 Nf6 5. Nc3 a6 6. Bg5 e6 7. Qd2 Be7 8. f3 Qc7 9. h4 Nbd7 10. Be2 b5 11. a3 Bb7 12. 0-0-0 Rc8 13. g4 h6 14. Be3 d5 15. Bd3 e5 16. Nf5 d4 17. Nxd4 exd4 18. Bxd4 Ne5 19. Qg2 Bc5 20. Bxe5 Qxe5 21. Rdf1 Bxa3 22. bxa3 Qxc3 23. g5 Nh5 24. f4 Qxd3 25. Re1 Nxf4 0-1